000 00720nam a2200241Ia 4500
003 OSt
005 20220926012128.0
006 a|||||r|||| 00| 0
007 ta
008 220923b |||||||| |||| 00| 0 eng d
037 _cGeneral Book
040 _aRTL
_cRTL
_beng
041 _2eng
_aeng
082 _aX:3260cQ63, K8/TD
100 _aEisenstadt S N Ed.
_9120597
245 0 _aProtestant ethic and modernization
_b A comparative view
260 _aNew York
_bBasic Books
_c1968
300 _aviii,407p.
_ccm.
500 _aBibliography: P 385-400
650 _aCapitalist Interest
942 _hX:3260cQ63, K8/TD
_cGB
_2CC
999 _c621784
_d621784